Construction and design of cable-stayed bridges (Record no. 11723)

000 -LEADER
fixed length control field 00641nam a2200229 i 4500
001 - CONTROL NUMBER
control field 11723
003 - CONTROL NUMBER IDENTIFIER
control field BD-DhUET
008 - FIXED-LENGTH DATA ELEMENTS--GENERAL INFORMATION
fixed length control field 760106s1976 nyuaf b 001 0 eng
020 ## - INTERNATIONAL STANDARD BOOK NUMBER
International Standard Book Number 0471756253
040 ## - CATALOGING SOURCE
Transcribing agency 0
Modifying agency BD-DhUET
082 00 - DEWEY DECIMAL CLASSIFICATION NUMBER
Classification number 624.55
Item number POD/1976
100 ## - MAIN ENTRY--PERSONAL NAME
Personal name Podolny, Walter
245 10 - TITLE STATEMENT
Title Construction and design of cable-stayed bridges
250 ## - EDITION STATEMENT
Edition statement 1st ed.
260 ## - PUBLICATION, DISTRIBUTION, ETC. (IMPRINT)
Place of publication, distribution, etc. New York
Name of publisher, distributor, etc. John Wiley & Sons
Date of publication, distribution, etc. 1976
300 ## - PHYSICAL DESCRIPTION
Extent xv, 506 p.
Other physical details ill.
Dimensions 24 cm.
490 0# - SERIES STATEMENT
Series statement Wiley series of practical construction guides
504 ## - BIBLIOGRAPHY, ETC. NOTE
Bibliography, etc Includes bibliographies
650 #0 - SUBJECT ADDED ENTRY--TOPICAL TERM
Topical term or geographic name as entry element Bridges - Engineering
700 ## - ADDED ENTRY--PERSONAL NAME
Personal name Scalzi, John B.
942 ## - ADDED ENTRY ELEMENTS (KOHA)
Koha item type General Book
Holdings
Lost status Location (home branch) Not for loan Date acquired Koha full call number Withdrawn status Damaged status Copy number Koha normalized classification for sorting Koha item type Koha issues (times borrowed) Shelving location Source of classification or shelving scheme Sublocation or collection (holding branch) Koha renewals Piece designation (barcode) Koha date last seen Koha date last borrowed Price effective from
 Central Library, BUET 2015-02-18624.55/POD/1976  1624_550000000000000_POD_1976General Book Circulation section Central Library, BUET 462342015-02-18 2015-02-18
 Central Library, BUET 2015-02-18624.55/POD/1976  2624_550000000000000_POD_1976General Book1Circulation section Central Library, BUET2449712022-09-122018-10-272015-02-18
 Central Library, BUET 2015-02-19624.55/POD/1976  3624_550000000000000_POD_1976General Book Circulation section Central Library, BUET 44972 2015-02-19 2015-02-19
 Central Library, BUET 2015-04-07624.55/POD/1976  4624_550000000000000_POD_1976General Book Circulation section Central Library, BUET 462352015-04-07 2015-04-07